LEADER 01880nam0-2200313 --450 001 9911064426503321 005 20260223111628.0 010 $a978-88-15-39145-2 020 $aIT$b2025-2289 100 $a20260223d2025----kmuy0itay5050 ba 101 0 $aita$cita 102 $aIT 105 $aa 001yy 200 1 $a<>economia delle tasse$ecosa sono e come dovrebbero cambiare$fAlessandro Santoro 210 $aBologna$cIl mulino$d2025 215 $a217 p.$cill.$d21 cm 225 1 $aUniversale paperbacks Il mulino$v846 320 $aContiene riferimenti bibl. (pp. 213-217) 330 $aLe tasse sono un elemento centrale del rapporto tra cittadino e Stato democratico e del contratto sociale su cui esso si fonda. Rappresentano la più concreta manifestazione della cessione di libertà individuale che ognuno di noi fa in cambio della protezione, dei beni e dei servizi che lo Stato ci offre. Per questo è necessario occuparsene, non solo pagando le tasse, ma anche chiedendosi, e mettendo in discussione, come e perché sono concepite e applicate in un certo modo, e se vi possono essere alternative preferibili. L'autore si pone l'obiettivo di spiegare come ciascuno possa utilizzare i principi fondamentali dell'analisi economica per leggere e interpretare il sistema fiscale. Il volume si rivolge a lettori interessati al tema anche se privi di un background tecnico: gli argomenti sono illustrati in modo semplice e rigoroso, facendo ampio uso di esempi e approfondimenti sui temi al centro del dibattito pubblico. (Fonte: editore) 610 0 $aImposte 676 $a336.2$v23$zita 700 1$aSantoro,$bAlessandro$f<1970- >$0438184 801 0$aIT$bUNINA$gREICAT$2UNIMARC 901 $aBK 912 $a9911064426503321 952 $aCOLLEZ. 28 (846)$b227/2026$fFSPBC 959 $aFSPBC 996 $aEconomia delle tasse$94445638 997 $aUNINA